Managing the non-profit organization (Record no. 82577)
[ view plain ]
| 000 -LEADER | |
|---|---|
| fixed length control field | 00890nam a2200229 a 4500 |
| 008 - FIXED-LENGTH DATA ELEMENTS--GENERAL INFORMATION | |
| fixed length control field | 120416s1990 ||||||||||||||||| || u |
| 020 ## - INTERNATIONAL STANDARD BOOK NUMBER | |
| International Standard Book Number | 0060165073 |
| 050 ## - LIBRARY OF CONGRESS CALL NUMBER | |
| Classification number | HD 62.6 Dru |
| 100 ## - MAIN ENTRY--PERSONAL NAME | |
| Personal name | Drucker, Peter Ferdinand, 1909- |
| 245 10 - TITLE STATEMENT | |
| Title | Managing the non-profit organization |
| 246 ## - | |
| -- | practices and principles |
| 250 ## - EDITION STATEMENT | |
| Edition statement | 1st ed. |
| 260 ## - PUBLICATION, DISTRIBUTION, ETC. | |
| Place of publication, distribution, etc. | New Delhi |
| Name of publisher, distributor, etc. | S. G. Wasani |
| Date of publication, distribution, etc. | 1990 |
| 300 ## - PHYSICAL DESCRIPTION | |
| Extent | xix, 235p. : ill |
| 350 ## - | |
| -- | 0.00 |
| 500 ## - GENERAL NOTE | |
| General note | Includes index. |
| 650 #0 - SUBJECT ADDED ENTRY--TOPICAL TERM | |
| Topical term or geographic name entry element | MANAGEMENT |
| 650 ## - SUBJECT ADDED ENTRY--TOPICAL TERM | |
| Topical term or geographic name entry element | NONPROFIT ORGANIZATIONS--MANAGEMENT |
| 650 ## - SUBJECT ADDED ENTRY--TOPICAL TERM | |
| Topical term or geographic name entry element | TEXTBOOKS |
| 995 ## - | |
| -- | ANNEX COLLECTION (Main Library) |
| -- | 0.00 |
| -- | 727147 |
| -- | CBU-MAIN LIBRARY (Kitwe) |
| -- | 1 |
| -- | 55.00 |
| -- | HD 62.6 Dru |
| -- | 1 |
| -- | AVAILABLE |
| -- | 018428 |
| -- | Annex Low-Usage Collection |
| 995 ## - | |
| -- | ANNEX COLLECTION (Main Library) |
| -- | 0.00 |
| -- | 727148 |
| -- | CBU-MAIN LIBRARY (Kitwe) |
| -- | 2 |
| -- | 55.00 |
| -- | HD 62.6 Dru |
| -- | 2 |
| -- | AVAILABLE |
| -- | 018429 |
| -- | Annex Low-Usage Collection |
| 999 ## - | |
| -- | 82577 |
| -- | 82577 |
| Withdrawn status | Lost status | Source of classification or shelving scheme | Damaged status | Not for loan | Permanent Location | Current Location | Shelving location | Date acquired | Total Checkouts | Full call number | Barcode | Date last seen | Copy number | Price effective from | Koha item type |
|---|---|---|---|---|---|---|---|---|---|---|---|---|---|---|---|
| CBU-MAIN LIBRARY, KITWE. | CBU-MAIN LIBRARY, KITWE. | 09/29/2023 | HD 62.6 Dru | 018428 | 09/29/2023 | 1 | 09/29/2023 | MONOGRAPH | |||||||
| CBU-MAIN LIBRARY, KITWE. | CBU-MAIN LIBRARY, KITWE. | 09/29/2023 | HD 62.6 Dru | 018429 | 09/29/2023 | 2 | 09/29/2023 | MONOGRAPH |